Delhi in 1857 / (Record no. 22501)
[ view plain ]
| 000 -LEADER | |
|---|---|
| fixed length control field | 01070nam a2200265 a 4500 |
| 005 - DATE AND TIME OF LATEST TRANSACTION | |
| control field | 20070430101053.0 |
| 008 - FIXED-LENGTH DATA ELEMENTS--GENERAL INFORMATION | |
| fixed length control field | 061121s2007 ii a b 001 0 eng |
| 010 ## - LCCN (DPL NO) | |
| LC control number | ENG-92640 |
| 020 ## - INTERNATIONAL STANDARD BOOK NUMBER | |
| International Standard Book Number | 9788123014715 |
| Terms of availability | 100.00 |
| 035 ## - SYSTEM CONTROL NUMBER | |
| System control number | EN-76173 |
| 037 ## - SOURCE OF ACQUISITION | |
| Source of stock number/acquisition | DBAD / VEN |
| 040 ## - CATALOGING SOURCE | |
| Original cataloging agency | dpl |
| Language of cataloging | English |
| 082 ## - DEWEY DECIMAL CLASSIFICATION NUMBER | |
| Classification number | 954.083 |
| 100 ## - MAIN ENTRY--PERSONAL NAME | |
| Personal name | Chopra, Prabha |
| 245 ## - TITLE STATEMENT | |
| Title | Delhi in 1857 / |
| Statement of responsibility, etc | by Prabha Chopra; edited by Nitima Shiv Charan |
| 260 ## - PUBLICATION, DISTRIBUTION, ETC. (IMPRINT) | |
| Place of publication, distribution, etc | New Delhi |
| Name of publisher, distributor, etc | Publications Division |
| Date of publication, distribution, etc | 2008 |
| 270 ## - ADDRESS | |
| Address | Soochna Bhawan, CGO Complex, Lodhi Road, |
| City | New Delhi |
| Postal code | 110003 |
| 300 ## - PHYSICAL DESCRIPTION | |
| Extent | 89p. |
| Dimensions | 22 cm (pbk) |
| 500 ## - GENERAL NOTE | |
| General note | Includes bibliographical references |
| 651 ## - SUBJECT ADDED ENTRY--GEOGRAPHIC NAME | |
| Geographic name | Delhi (India) |
| General subdivision | History |
| Chronological subdivision | Sepoy Rebellion, 1857-1858 |
| 700 ## - ADDED ENTRY--PERSONAL NAME | |
| Personal name | Nitima Shiv Charan |
| 942 ## - ADDED ENTRY ELEMENTS (KOHA) | |
| Source of classification or shelving scheme | Dewey Decimal Classification |
| Item type | English Books |
| Call number suffix | CHO |
| Classification part | 954.083 |
| Withdrawn status | Lost status | Source of classification or shelving scheme | Damaged status | Not for loan | Collection code | Home library | Current library | Date acquired | Source of acquisition | Cost, normal purchase price | Total Checkouts | Full call number | Barcode | Date last seen | Copy number | Cost, replacement price | Koha item type |
|---|---|---|---|---|---|---|---|---|---|---|---|---|---|---|---|---|---|
| Dewey Decimal Classification | Not For Loan | Non-fiction | D.B.Act.Division | D.B.Act.Division | 27/01/2009 | DBAD / PUB | 100.00 | 954.083 CHO | EN-76173 | 27/01/2009 | 1 | 100.00 | English Books |
